[Event "Olympiad-44"]
[Site "Chennai"]
[Date "2022.08.05"]
[Round "7.4"]
[White "Espinoza Solano, Jose Nahum"]
[Black "Adu Jnr, Lionel"]
[Result "1-0"]
[WhiteElo "2093"]
[BlackElo "1824"]
[PlyCount "139"]
[EventDate "2022.07.29"]
[EventType "team-swiss"]
[EventRounds "11"]
[EventCountry "IND"]
[SourceTitle "CBM 210"]
[Source "ChessBase"]
[SourceDate "2022.10.31"]
[SourceVersion "1"]
[SourceVersionDate "2022.10.31"]
[SourceQuality "1"]
[WhiteTeam "Nicaragua"]
[BlackTeam "Ghana"]
[WhiteTeamCountry "NCA"]
[BlackTeamCountry "GHA"]

1. e4 c6 2. d4 d5 3. exd5 cxd5 4. c4 Nf6 5. Nc3 Nc6 6. Nf3 Bg4 7. cxd5 Nxd5 8. Qb3 Bxf3 9. gxf3 e6 10. Qxb7 Nxd4 11. Bb5+ Nxb5 12. Qc6+ Ke7 13. Qxb5 Qd7 14. Nxd5+ Qxd5 15. Qxd5 exd5 16. 0-0 Rd8 17. Rd1 d4 18. Bf4 Ke6 19. Rac1 Rd5 20. Rc4 Bc5 21. b4 Bb6 22. a4 d3 23. a5 Bd4 24. Kf1 Bf6 25. Rc6+ Kf5 26. Be3 Rb8 27. Bxa7 Rxb4 28. a6 Ra4 29. Bc5 Ra2 30. a7 Bd4 31. Rc8 Rxf2+ 32. Kg1 Rd2+ 33. Bxd4 Rxd1+ 34. Kf2 Rd2+ 35. Ke3 Ra2 36. a8Q Rxa8 37. Rxa8 d2 38. Ra1 f6 39. Rd1 g5 40. Rxd2 h5 41. Rc2 Rd6 42. Rc5+ Kg6 43. Rb5 Re6+ 44. Kd3 Rc6 45. Rb6 Rxb6 46. Bxb6 Kf5 47. Ke3 g4 48. f4 h4 49. Bc7 h3 50. Kf2 Ke4 51. Kg3 f5 52. Kf2 Kd3 53. Bd8 Kd2 54. Bh4 Kd3 55. Ke1 Ke4 56. Bg3 Ke3 57. Kd1 Kd3 58. Kc1 Kc3 59. Kb1 Kd2 60. Kb2 Kd3 61. Kb3 Kd4 62. Kb4 Kd5 63. Kb5 Kd6 64. Kb6 Kd7 65. Kc5 Ke6 66. Kc6 Ke7 67. Kd5 Kf6 68. Kd6 Kf7 69. Ke5 Kg6 70. Ke6 1-0

[Event "Olympiad-44"]
[Site "Chennai"]
[Date "2022.08.02"]
[Round "5.4"]
[White "Poh, Yu Tian"]
[Black "Adu Jnr, Lionel"]
[Result "1-0"]
[WhiteElo "2118"]
[BlackElo "1824"]
[PlyCount "59"]
[EventDate "2022.07.29"]
[EventType "team-swiss"]
[EventRounds "11"]
[EventCountry "IND"]
[SourceTitle "CBM 210"]
[Source "ChessBase"]
[SourceDate "2022.10.31"]
[SourceVersion "1"]
[SourceVersionDate "2022.10.31"]
[SourceQuality "1"]
[WhiteTeam "Malaysia"]
[BlackTeam "Ghana"]
[WhiteTeamCountry "MAS"]
[BlackTeamCountry "GHA"]

1. e4 c6 2. d4 d5 3. e5 c5 4. Nf3 Bg4 5. dxc5 Nc6 6. c3 Bxf3 7. Qxf3 Nxe5 8. Bb5+ Nc6 9. c4 e6 10. Be3 Nf6 11. Nc3 a6 12. Bxc6+ bxc6 13. b4 a5 14. b5 Nd7 15. cxd5 cxd5 16. Na4 Be7 17. 0-0 0-0 18. c6 Ne5 19. Qg3 Bd6 20. Bf4 Nc4 21. Bxd6 Qxd6 22. Qxd6 Nxd6 23. b6 Rac8 24. c7 Nc4 25. Rfc1 Nd6 26. Rab1 Nb7 27. Nc5 Nd6 28. b7 Rxc7 29. b8Q Rfc8 30. Qxc7 1-0

[Event "Olympiad-44"]
[Site "Chennai"]
[Date "2022.08.01"]
[Round "4.4"]
[White "Adu Jnr, Lionel"]
[Black "Bolanos, Fernando"]
[Result "0-1"]
[WhiteElo "1824"]
[BlackElo "2258"]
[PlyCount "78"]
[EventDate "2022.07.29"]
[EventType "team-swiss"]
[EventRounds "11"]
[EventCountry "IND"]
[SourceTitle "CBM 210"]
[Source "ChessBase"]
[SourceDate "2022.10.31"]
[SourceVersion "1"]
[SourceVersionDate "2022.10.31"]
[SourceQuality "1"]
[WhiteTeam "Ghana"]
[BlackTeam "Bolivia"]
[WhiteTeamCountry "GHA"]
[BlackTeamCountry "BOL"]

1. g3 d5 2. Bg2 e5 3. d4 exd4 4. Qxd4 Nf6 5. Bg5 Be7 6. c3 c6 7. Nf3 0-0 8. 0-0 h6 9. Bxf6 Bxf6 10. Qa4 Bf5 11. Nbd2 Nd7 12. Nd4 Bg6 13. Rfe1 Re8 14. Rac1 Nc5 15. Qa3 Be7 16. b4 Nd7 17. Qb3 a5 18. a3 Bf6 19. e4 c5 20. Nc2 axb4 21. axb4 c4 22. Qb2 Ne5 23. Bf1 dxe4 24. Nxc4 Nf3+ 25. Kg2 Nxe1+ 26. Rxe1 Bh5 27. N2e3 Bf3+ 28. Kg1 Rc8 29. Be2 Bxe2 30. Qxe2 Rc7 31. Rd1 Rd7 32. Rxd7 Qxd7 33. Nd1 Rd8 34. Ncb2 Qd2 35. Qxe4 Bxc3 36. Nxc3 Qxc3 37. Qe7 Qc1+ 38. Kg2 Qc6+ 39. Kg1 Re8 0-1

[Event "Tema op 7th"]
[Site "Tema"]
[Date "2022.01.09"]
[Round "6"]
[White "Mensah, Joseph Jamena"]
[Black "Adu Jnr, Lionel"]
[Result "1-0"]
[WhiteElo "1887"]
[BlackElo "1833"]
[PlyCount "59"]
[EventDate "2022.01.07"]
[EventType "swiss"]
[EventRounds "7"]
[EventCountry "GHA"]
[SourceTitle "EXT 2023"]
[Source "ChessBase"]
[SourceDate "2022.10.05"]
[SourceVersion "1"]
[SourceVersionDate "2022.10.05"]
[SourceQuality "1"]

1. e4 c6 2. d4 d5 3. f3 dxe4 4. fxe4 Nf6 5. Nc3 g6 6. Bg5 Bg7 7. Qd2 0-0 8. 0-0-0 Bg4 9. Nf3 Nbd7 10. Bc4 e5 11. dxe5 Nxe5 12. Qxd8 Raxd8 13. Rxd8 Rxd8 14. Nxe5 Be6 15. Bxe6 fxe6 16. Nxg6 hxg6 17. e5 Rf8 18. exf6 Bxf6 19. Bxf6 Rxf6 20. Re1 Kf7 21. Re2 Rf1+ 22. Kd2 Rf4 23. Ne4 Rh4 24. h3 Rh5 25. c4 Ke7 26. b4 b5 27. Nc5 e5 28. cxb5 cxb5 29. Nd3 Ke6 30. Nf4+ 1-0

[Event "Tema op 7th"]
[Site "Tema"]
[Date "2022.01.08"]
[Round "5"]
[White "Adu Jnr, Lionel"]
[Black "Mills Pappoe, Benjamin Adoayi"]
[Result "1-0"]
[WhiteElo "1833"]
[BlackElo "1665"]
[PlyCount "57"]
[EventDate "2022.01.07"]
[EventType "swiss"]
[EventRounds "7"]
[EventCountry "GHA"]
[SourceTitle "EXT 2023"]
[Source "ChessBase"]
[SourceDate "2022.10.05"]
[SourceVersion "1"]
[SourceVersionDate "2022.10.05"]
[SourceQuality "1"]

1. g3 e5 2. Bg2 Nf6 3. c3 d5 4. d4 exd4 5. cxd4 Bb4+ 6. Nc3 0-0 7. Bg5 c6 8. Bxf6 Qxf6 9. e3 Bf5 10. Nge2 Be4 11. 0-0 Bxg2 12. Kxg2 Nd7 13. a3 Bd6 14. b4 Rac8 15. Qa4 Rc7 16. b5 g5 17. Qxa7 Qe6 18. b6 Rcc8 19. Qxb7 Rb8 20. Qxc6 Nxb6 21. Nb5 Qe4+ 22. Kg1 Be7 23. Nec3 Qf5 24. Qc7 Bf6 25. Qc5 Rfc8 26. Qd6 h5 27. Qb4 Nc4 28. Qb1 Qh3 29. Qd3 1-0

[Event "Tema op 7th"]
[Site "Tema"]
[Date "2022.01.08"]
[Round "3"]
[White "Kokoti, Perez"]
[Black "Adu Jnr, Lionel"]
[Result "1/2-1/2"]
[WhiteElo "1494"]
[BlackElo "1833"]
[PlyCount "51"]
[EventDate "2022.01.07"]
[EventType "swiss"]
[EventRounds "7"]
[EventCountry "GHA"]
[SourceTitle "EXT 2023"]
[Source "ChessBase"]
[SourceDate "2022.10.05"]
[SourceVersion "1"]
[SourceVersionDate "2022.10.05"]
[SourceQuality "1"]

1. d4 d5 2. Nf3 g6 3. e3 Bg4 4. Be2 Bxf3 5. Bxf3 Bg7 6. c3 c6 7. 0-0 Nf6 8. Nd2 Nbd7 9. Re1 0-0 10. e4 dxe4 11. Bxe4 e5 12. Nf3 Re8 13. Bg5 exd4 14. cxd4 Qb6 15. Bxf6 Nxf6 16. Qc2 Nxe4 17. Rxe4 Rxe4 18. Qxe4 Rd8 19. Rd1 Qxb2 20. Rb1 Qc3 21. Qe7 Rf8 22. Qxb7 Bxd4 23. Nxd4 Qxd4 24. Qxc6 Rd8 25. Qc1 Qd2 26. Qa3 1/2-1/2

[Event "Tema op 7th"]
[Site "Tema"]
[Date "2022.01.07"]
[Round "2"]
[White "Adu Jnr, Lionel"]
[Black "Sosu, Edward"]
[Result "0-1"]
[WhiteElo "1833"]
[BlackElo "1662"]
[PlyCount "45"]
[EventDate "2022.01.07"]
[EventType "swiss"]
[EventRounds "7"]
[EventCountry "GHA"]
[SourceTitle "EXT 2023"]
[Source "ChessBase"]
[SourceDate "2022.10.05"]
[SourceVersion "1"]
[SourceVersionDate "2022.10.05"]
[SourceQuality "1"]

1. g3 e6 2. Bg2 d5 3. d4 Nc6 4. Nf3 Be7 5. Bg5 Nf6 6. Nbd2 0-0 7. 0-0 a6 8. e3 Rb8 9. c4 dxc4 10. Nxc4 Nd5 11. Bxe7 Ncxe7 12. Qb3 Ng6 13. Nfe5 Nde7 14. Rac1 Bd7 15. Rfd1 Nxe5 16. Nxe5 Ng6 17. Nd3 Ne7 18. Nc5 Nd5 19. Qd3 Qe7 20. e4 Nf6 21. d5 exd5 22. exd5 Rfd8 23. d6 0-1

[Event "Online Olym Div4 D"]
[Site "Chess.com INT"]
[Date "2021.08.21"]
[Round "4.4"]
[White "Adu Jnr, Lionel"]
[Black "Matoewi, Roger"]
[Result "0-1"]
[WhiteElo "1829"]
[BlackElo "2015"]
[PlyCount "68"]
[EventDate "2021.08.20"]
[EventType "team (rapid)"]
[EventRounds "11"]
[EventCountry "USA"]
[SourceTitle "CBM 203 Extra"]
[Source "ChessBase"]
[SourceDate "2021.09.30"]
[SourceVersion "1"]
[SourceVersionDate "2021.09.30"]
[SourceQuality "1"]
[WhiteTeam "Ghana"]
[BlackTeam "Surinam"]
[WhiteTeamCountry "GHA"]
[BlackTeamCountry "SUR"]

1. g3 g6 2. Bg2 Bg7 3. d4 d5 4. Nf3 Nf6 5. 0-0 0-0 6. c4 c6 7. Nc3 dxc4 8. Ne5 Nbd7 9. Nxc4 Nb6 10. Ne5 Nfd7 11. Nf3 Nf6 12. Bg5 Bg4 13. Bxf6 Bxf6 14. e3 Qd6 15. Ne4 Qe6 16. Nc5 Qc8 17. Qb3 Rb8 18. Nd2 Nd7 19. Nde4 Bg7 20. Rfc1 Nxc5 21. Nxc5 h5 22. Be4 Kh7 23. d5 Bf5 24. Qa3 Bxe4 25. Nxe4 Qf5 26. Nc3 cxd5 27. Qxe7 d4 28. exd4 Bxd4 29. Qe2 Rfe8 30. Qc2 Re1+ 31. Kg2 Qxc2 32. Rxc2 Rxa1 33. Rd2 Bxc3 34. bxc3 Kg7 0-1

[Event "Online Olym Div4 D"]
[Site "Chess.com INT"]
[Date "2020.08.01"]
[Round "6.4"]
[White "Adu Jnr, Lionel"]
[Black "Strovsky, Mikhail"]
[Result "0-1"]
[WhiteElo "1889"]
[BlackElo "2164"]
[PlyCount "162"]
[EventDate "2020.07.31"]
[EventType "team-tourn (rapid)"]
[EventRounds "9"]
[EventCountry "USA"]
[SourceTitle "CBM 198"]
[Source "ChessBase"]
[SourceDate "2020.10.31"]
[SourceVersion "1"]
[SourceVersionDate "2020.10.31"]
[SourceQuality "1"]
[WhiteTeam "Ghana"]
[BlackTeam "Togo"]
[WhiteTeamCountry "GHA"]
[BlackTeamCountry "TOG"]

1. g3 d5 2. Bg2 e6 3. d4 Nf6 4. Bg5 Be7 5. Nf3 0-0 6. 0-0 Nbd7 7. c3 b6 8. Nbd2 Bb7 9. Re1 c5 10. Bxf6 Bxf6 11. e3 Qc7 12. Rc1 Rac8 13. Nb3 Ba6 14. Nfd2 c4 15. Na1 Bb7 16. e4 dxe4 17. Nxe4 Rfd8 18. Qf3 Bxe4 19. Qxe4 e5 20. Nc2 exd4 21. cxd4 Qd6 22. Red1 Re8 23. Qg4 Nf8 24. Na3 Qb4 25. Rc2 c3 26. Nb1 Rc4 27. bxc3 Qa4 28. Rdc1 Rec8 29. Nd2 R4c7 30. Nb3 Be7 31. Qf3 Ba3 32. Rd1 Ne6 33. d5 Nc5 34. d6 Rd7 35. Bh3 Ne6 36. Bxe6 fxe6 37. Qd3 Rxd6 38. Qe2 Rxd1+ 39. Qxd1 Re8 40. Nd4 e5 41. Nf5 Bf8 42. Ne3 Qe4 43. Qd5+ Qxd5 44. Nxd5 Rc8 45. Re2 Bd6 46. Kg2 Kf7 47. Kf3 Ke6 48. Ke4 Rc4+ 49. Kd3 Kxd5 50. Rd2 Kc5 51. f3 Ra4 52. Ke3 Kc6 53. h4 Ra3 54. Rc2 Bb4 55. Kd2 Rxc3 56. Rxc3+ Bxc3+ 57. Kxc3 Kd5 58. Kd3 a6 59. a3 b5 60. h5 g5 61. hxg6 hxg6 62. g4 g5 63. Ke3 a5 64. Kd3 b4 65. a4 Kc5 66. Ke4 b3 67. Kxe5 b2 68. Kf5 b1Q+ 69. Kxg5 Qb4 70. f4 Qxa4 71. f5 Qc4 72. f6 Qf7 73. Kf5 a4 74. g5 a3 75. g6 Qd5+ 76. Kg4 Qe4+ 77. Kg5 Qe5+ 78. Kh6 Qxf6 79. Kh7 a2 80. g7 a1Q 81. g8Q Qh1# 0-1

[Event "GHA-ch"]
[Site "Accra"]
[Date "2018.12.07"]
[Round "5"]
[White "Thompson, Edward Nii Lamptey"]
[Black "Adu Jnr, Lionel"]
[Result "0-1"]
[WhiteElo "1802"]
[BlackElo "1897"]
[PlyCount "52"]
[EventDate "2018.12.01"]
[EventType "tourn"]
[EventRounds "9"]
[EventCountry "GHA"]
[SourceTitle "CBM 187 Extra"]
[Source "ChessBase"]
[SourceDate "2018.11.04"]
[SourceVersion "1"]
[SourceVersionDate "2018.11.04"]
[SourceQuality "1"]

1. e4 c6 2. d4 d5 3. Nd2 g6 4. Ngf3 Bg4 5. e5 e6 6. c3 Qb6 7. h3 Bxf3 8. Nxf3 c5 9. Qa4+ Nc6 10. Bb5 Rc8 11. 0-0 a6 12. Bxc6+ Qxc6 13. Qd1 Bg7 14. Be3 cxd4 15. Nxd4 Qd7 16. f4 Ne7 17. g4 Nc6 18. Ne2 Qe7 19. Kg2 h5 20. Ng3 hxg4 21. hxg4 Rd8 22. Bd4 Nxd4 23. cxd4 Qb4 24. Rf2 Kd7 25. f5 gxf5 26. gxf5 Rdf8 0-1

[Event "Olympiad-43"]
[Site "Batumi"]
[Date "2018.09.25"]
[Round "2.4"]
[White "Matsuo, Tomohiko"]
[Black "Adu Jnr, Lionel"]
[Result "1-0"]
[WhiteElo "2170"]
[BlackElo "1896"]
[PlyCount "79"]
[EventDate "2018.09.24"]
[EventType "team-swiss"]
[EventRounds "11"]
[EventCountry "GEO"]
[SourceTitle "CBM 187"]
[Source "ChessBase"]
[SourceDate "2018.12.11"]
[SourceVersion "1"]
[SourceVersionDate "2018.12.11"]
[SourceQuality "1"]
[WhiteTeam "Japan"]
[BlackTeam "Ghana"]
[WhiteTeamCountry "JPN"]
[BlackTeamCountry "GHA"]

1. e4 c6 2. d4 d5 3. Nd2 g6 4. Ngf3 Bg4 5. e5 Bg7 6. h3 Bxf3 7. Nxf3 e6 8. Bd3 c5 9. dxc5 Qa5+ 10. c3 Qxc5 11. 0-0 Ne7 12. Re1 0-0 13. Bf4 Nd7 14. Rc1 a6 15. b4 Qb6 16. Qd2 Nc6 17. a4 Qc7 18. Qe2 Rac8 19. a5 h6 20. Qe3 g5 21. Bg3 Qb8 22. Bb1 Qa7 23. Qd3 Rfe8 24. Qh7+ Kf8 25. Bc2 b6 26. axb6 Nxb6 27. h4 Nc4 28. hxg5 hxg5 29. Ba4 g4 30. Nh2 N4xe5 31. Bxc6 Nxc6 32. Bd6+ Ne7 33. Nxg4 Qd7 34. Be5 Nf5 35. Bxg7+ Nxg7 36. Qh8+ Ke7 37. Qxg7 Rg8 38. Qf6+ Kd6 39. Qe5+ Kc6 40. Nf6 1-0

[Event "Olympiad-43"]
[Site "Batumi"]
[Date "2018.09.24"]
[Round "1.52"]
[White "Adu Jnr, Lionel"]
[Black "Almiron, Antonio"]
[Result "0-1"]
[WhiteElo "1896"]
[BlackElo "2358"]
[PlyCount "102"]
[EventDate "2018.09.24"]
[EventType "team-swiss"]
[EventRounds "11"]
[EventCountry "GEO"]
[SourceTitle "CBM 187"]
[Source "ChessBase"]
[SourceDate "2018.12.11"]
[SourceVersion "1"]
[SourceVersionDate "2018.12.11"]
[SourceQuality "1"]
[WhiteTeam "Ghana"]
[BlackTeam "Paraguay"]
[WhiteTeamCountry "GHA"]
[BlackTeamCountry "PAR"]

1. g3 d5 2. Bg2 Nf6 3. d4 Bg4 4. c4 c6 5. Qb3 Qc8 6. Nc3 e6 7. Bg5 Nbd7 8. Bxf6 Nxf6 9. Nf3 Be7 10. e3 Qc7 11. cxd5 exd5 12. 0-0 0-0 13. Rac1 Qb6 14. Qc2 g6 15. Ne5 Bf5 16. Qe2 h5 17. h3 Bd6 18. g4 hxg4 19. hxg4 Bc8 20. g5 Bxe5 21. dxe5 Ng4 22. Na4 Qb4 23. Nc5 Nxe5 24. e4 Re8 25. exd5 Bg4 26. Qc2 Nf3+ 27. Bxf3 Bxf3 28. Qc4 Qxc4 29. Rxc4 Be2 30. Rfc1 Bxc4 31. Rxc4 cxd5 32. Rd4 Re5 33. f4 Re2 34. Nxb7 Rc8 35. Rd1 Rxb2 36. Nd6 Rcc2 37. Ne8 Rg2+ 38. Kh1 Rh2+ 39. Kg1 Rbg2+ 40. Kf1 Rh1+ 41. Kxg2 Rxd1 42. Kf2 Kf8 43. Nf6 d4 44. Ke2 Ra1 45. Kd3 Ke7 46. Kxd4 Ke6 47. Ne4 Rxa2 48. Ke3 Ra3+ 49. Kd4 Ra4+ 50. Ke3 Rxe4+ 51. Kxe4 a5 0-1

[Event "GHA-ch"]
[Site "Accra"]
[Date "2017.12.26"]
[Round "1"]
[White "Adu Jnr, Lionel"]
[Black "Ajavon, Anthony Obieni"]
[Result "0-1"]
[WhiteElo "1951"]
[BlackElo "1760"]
[PlyCount "54"]
[EventDate "2017.12.26"]
[EventType "tourn"]
[EventRounds "9"]
[EventCountry "GHA"]
[SourceTitle "EXT 2019"]
[Source "ChessBase"]
[SourceDate "2018.10.10"]
[SourceVersion "1"]
[SourceVersionDate "2018.10.10"]
[SourceQuality "1"]

1. g3 g6 2. Bg2 Bg7 3. d4 Nf6 4. Nf3 0-0 5. 0-0 d6 6. c3 Nbd7 7. Re1 h6 8. Qb3 c6 9. Nh4 a5 10. a4 Qb6 11. Qa2 Kh7 12. Nd2 Qc7 13. Qb1 e5 14. Nhf3 Re8 15. dxe5 Nxe5 16. Nd4 Bd7 17. h3 c5 18. Nc2 Rad8 19. Ne3 Bc6 20. Ne4 Nxe4 21. Bxe4 d5 22. Bg2 d4 23. cxd4 cxd4 24. Nc2 Bxg2 25. Kxg2 Qc6+ 26. f3 d3 27. exd3 Qxf3+ 0-1

[Event "GHA-ch"]
[Site "Accra"]
[Date "2016.12.21"]
[Round "9"]
[White "Adu Jnr, Lionel"]
[Black "Senyegah, Paul"]
[Result "1-0"]
[WhiteElo "1903"]
[BlackElo "1615"]
[PlyCount "65"]
[EventDate "2016.12.17"]
[EventType "tourn"]
[EventRounds "9"]
[EventCountry "GHA"]
[SourceTitle "CBM 176 Extra"]
[Source "ChessBase"]
[SourceDate "2017.03.02"]
[SourceVersion "1"]
[SourceVersionDate "2017.03.02"]
[SourceQuality "1"]

1. g3 e5 2. Bg2 d5 3. d4 e4 4. c4 c6 5. cxd5 cxd5 6. a3 Nf6 7. Bg5 Be7 8. Bxf6 Bxf6 9. e3 0-0 10. Nc3 Nc6 11. Qb3 Ne7 12. Nge2 Bg4 13. Nf4 Be6 14. 0-0 Rb8 15. Nxe6 fxe6 16. Bh3 Qd7 17. Nxe4 b6 18. Rad1 Kh8 19. Nc3 Nf5 20. Bxf5 exf5 21. Qxd5 Qe7 22. Qf3 g5 23. b4 Rbc8 24. Rc1 Qe8 25. Rc2 h5 26. Rfc1 f4 27. Ne4 Rxc2 28. Rxc2 Qa4 29. Qxh5+ Kg8 30. Nxf6+ Rxf6 31. Qxg5+ Kf7 32. Rc7+ Ke6 33. Qe5# 1-0

[Event "GHA-ch"]
[Site "Accra"]
[Date "2016.12.18"]
[Round "3"]
[White "Adu Jnr, Lionel"]
[Black "Amexo, Ambrose"]
[Result "1-0"]
[WhiteElo "1903"]
[BlackElo "1750"]
[PlyCount "103"]
[EventDate "2016.12.17"]
[EventType "tourn"]
[EventRounds "9"]
[EventCountry "GHA"]
[SourceTitle "CBM 176 Extra"]
[Source "ChessBase"]
[SourceDate "2017.03.02"]
[SourceVersion "1"]
[SourceVersionDate "2017.03.02"]
[SourceQuality "1"]

1. g3 Nf6 2. Bg2 g6 3. d4 Bg7 4. Nf3 0-0 5. 0-0 b6 6. Ne5 c6 7. c4 Bb7 8. Nc3 d6 9. Nd3 Qc7 10. e4 Nbd7 11. Re1 e5 12. d5 c5 13. Nb5 Qb8 14. a4 a6 15. Nc3 Qc7 16. Qb3 Bc8 17. Qa2 Nb8 18. Bd2 Bd7 19. Reb1 Qc8 20. Bg5 Bh3 21. Bxf6 Bxf6 22. b4 Bxg2 23. Kxg2 h5 24. bxc5 bxc5 25. Rb6 Be7 26. Rab1 h4 27. Qb2 hxg3 28. hxg3 Kg7 29. Rb7 Bg5 30. Rh1 Nd7 31. Rb1 Rh8 32. Rh1 Rxh1 33. Kxh1 Rb8 34. Rxb8 Qxb8 35. Qxb8 Nxb8 36. f4 Bf6 37. fxe5 Bxe5 38. Nxe5 dxe5 39. a5 f5 40. Kg2 Kf6 41. Kf3 Nd7 42. Na4 g5 43. Nb6 Nb8 44. exf5 Kxf5 45. g4+ Kg6 46. Ke4 Kf6 47. Na8 Ke7 48. Kxe5 Nd7+ 49. Kf5 Nf6 50. Kxg5 Nxd5 51. cxd5 Kd6 52. Nb6 1-0

[Event "GHA-ch"]
[Site "Accra"]
[Date "2016.12.18"]
[Round "4"]
[White "Sosu, Edward"]
[Black "Adu Jnr, Lionel"]
[Result "0-1"]
[WhiteElo "1746"]
[BlackElo "1903"]
[PlyCount "44"]
[EventDate "2016.12.17"]
[EventType "tourn"]
[EventRounds "9"]
[EventCountry "GHA"]
[SourceTitle "CBM 176 Extra"]
[Source "ChessBase"]
[SourceDate "2017.03.02"]
[SourceVersion "1"]
[SourceVersionDate "2017.03.02"]
[SourceQuality "1"]

1. e4 c6 2. d4 d5 3. exd5 cxd5 4. Nf3 Bg4 5. Be2 Nc6 6. 0-0 g6 7. Ne5 Bxe2 8. Qxe2 Nxd4 9. Qd3 Nc6 10. Nxc6 bxc6 11. Bf4 Bg7 12. Re1 Bxb2 13. Be5 Bxe5 14. Rxe5 Nf6 15. Nc3 0-0 16. Rae1 Re8 17. h3 Nd7 18. R5e2 e5 19. Qd1 e4 20. f3 Qb6+ 21. Kh1 e3 22. Qd3 c5 0-1

[Event "GHA-ch"]
[Site "Accra"]
[Date "2016.05.08"]
[Round "8"]
[White "Adu Jnr, Lionel"]
[Black "Mensah, Joseph Jamena"]
[Result "1-0"]
[WhiteElo "1877"]
[BlackElo "1980"]
[PlyCount "83"]
[EventDate "2016.04.28"]
[EventType "tourn"]
[EventRounds "9"]
[EventCountry "GHA"]
[SourceTitle "EXT 2017"]
[Source "ChessBase"]
[SourceDate "2016.10.25"]
[SourceVersion "1"]
[SourceVersionDate "2016.10.25"]
[SourceQuality "1"]

1. d4 Nf6 2. Nf3 e6 3. g3 c5 4. c3 d5 5. Bg2 cxd4 6. cxd4 Bd6 7. Nc3 Nc6 8. 0-0 a6 9. Bg5 0-0 10. e4 dxe4 11. Nxe4 Be7 12. Nxf6+ Bxf6 13. Bxf6 Qxf6 14. Qd2 Rd8 15. Rfd1 e5 16. dxe5 Rxd2 17. exf6 Rxb2 18. fxg7 Be6 19. Nd4 Nxd4 20. Rxd4 Rc8 21. a4 Rcc2 22. Rf4 a5 23. Be4 Rc4 24. Rh4 f5 25. Bxf5 Rxh4 26. Bxe6+ Kxg7 27. gxh4 Kf6 28. Bd7 Ke7 29. Bf5 h6 30. Rb1 Rb4 31. h5 Kd6 32. Rd1+ Ke5 33. Bd7 Rh4 34. Be8 Rg4+ 35. Kf1 Ke4 36. Rd7 b5 37. Re7+ Kd5 38. Bxb5 Rh4 39. Be8 Rxh2 40. Ra7 Rh1+ 41. Kg2 Ra1 42. Rxa5+ 1-0

[Event "Accra zt 4.4"]
[Site "Accra"]
[Date "2016.03.29"]
[Round "1"]
[White "Adu Jnr, Lionel"]
[Black "Anwuli, Daniel"]
[Result "0-1"]
[WhiteElo "1877"]
[BlackElo "2365"]
[PlyCount "52"]
[EventDate "2016.03.29"]
[EventType "swiss"]
[EventRounds "9"]
[EventCountry "GHA"]
[SourceTitle "CBM 171 Extra"]
[Source "ChessBase"]
[SourceDate "2016.04.26"]
[SourceVersion "1"]
[SourceVersionDate "2016.04.26"]
[SourceQuality "1"]

1. g3 Nf6 2. Bg2 g6 3. d4 d5 4. Nf3 Bg7 5. 0-0 0-0 6. c4 c6 7. Nc3 dxc4 8. Ne5 Ng4 9. Nxg4 Bxg4 10. h3 Be6 11. d5 cxd5 12. Nxd5 Nc6 13. Rb1 Qd7 14. Bg5 Rfd8 15. Nf4 h6 16. Nxe6 Qxe6 17. Bd2 c3 18. bxc3 Qxa2 19. Rxb7 Rxd2 20. Qb3 Qxb3 21. Rxb3 Rc8 22. e3 Rc2 23. Be4 Rxc3 24. Rxc3 Bxc3 25. Rc1 Nb4 26. Kg2 a5 0-1